000 00288nam a2200121Ia 4500
008 140316s9999 xx 000 0 und d
082 _aICAR/CMFRI
_bAR/2004-05
100 _aCMFRI
245 _aAnnual Report:2004-05
260 _aCochin
_bCMFRI
_c2005
300 _a134
942 _2ddc
_cREF
999 _c23052
_d23052